Economic review, Rajasthan (Record no. 489407)

000 -LEADER
fixed length control field 00459cam a22001217a 4500
008 - FIXED-LENGTH DATA ELEMENTS--GENERAL INFORMATION
fixed length control field 180718b-- xxu||||| |||| 00| 0 eng d
082 ## - DEWEY DECIMAL CLASSIFICATION NUMBER
Classification number T19x5434 R137
245 ## - TITLE STATEMENT
Title Economic review, Rajasthan
Statement of responsibility, etc. by Directorate of Economics and Statistics, Rajasthan
260 ## - PUBLICATION, DISTRIBUTION, ETC.
Place of publication, distribution, etc. Jaipur
Name of publisher, distributor, etc. Directorate of Economics and Statistics
Date of publication, distribution, etc. --
500 ## - GENERAL NOTE
General note Library has 2005-06
650 ## - SUBJECT ADDED ENTRY--TOPICAL TERM
Topical term or geographic name entry element Economic surveys - India - Rajasthan
700 ## - ADDED ENTRY--PERSONAL NAME
Personal name Rajasthan. Directorate of Economics and Statistics
Holdings
Withdrawn status Lost status Damaged status Not for loan Permanent Location Current Location Date acquired Full call number Barcode Date last seen Price effective from Koha item type
        Indian Institute of Public Administration Indian Institute of Public Administration 2018-08-04 T19x5434 R137 GG28248 2018-08-04 2018-08-04 GG

Powered by Koha